| 000 | 00922nam a2200193Ia 4500 | ||
|---|---|---|---|
| 003 | OSt | ||
| 005 | 20240321145122.0 | ||
| 008 | 210719s2020 xx 000 0 und d | ||
| 040 | _c | ||
| 041 | _aKannada | ||
| 082 |
_223 _aK894.1 _bMANC |
||
| 100 |
_aMANGALURU TALUK CHUTUKU SAHITYA PARISHATH _910836 _dಮಂಗಳೂರು ತಾಲೂಕು ಚುಟುಕು ಸಾಹಿತ್ಯ ಪರಿಷತ್ತು |
||
| 245 |
_aChutuku sankalana 2020 :Mangaluru taluk chutuku sahithya parishattu:chutukina 55 kavigalu _cಚುಟುಕು ಸಂಕಲನ 2020 ಮಂಗಳೂರು ತಾಲೂಕು ಚುಟುಕು ಸಾಹಿತ್ಯ ಪರಿಷತ್ತು : ಚುಟುಕಿನ 50 ಕವಿಗಳು |
||
| 260 |
_aMangaluru _c2020 |
||
| 300 |
_a64 _bPB |
||
| 365 |
_b100 _cRs |
||
| 906 | _a2020 ; 55 ; Chutuku ; kavigalu ; Mangaluru ; parishattu:chutukina ; sahithya ; sankalana ; taluk | ||
| 942 |
_2ddc _cBK |
||
| 999 |
_c216027 _d216027 |
||